000 00313nam a2200121Ia 4500
005 20260328101529.0
008 260328s9999||||xx |||||||||||||| ||und||
100 _aHoll, Steven
245 0 _aSteven Holl Scale /
_cSteven Holl
260 _bLars Müller Publishers
650 _aARQUITECTURA - ELEMENTOS
942 _cBK
999 _c9921
_d9921